On earth

Bibliographic Details
Main Author: Karas, G. Brian
Format: Book
Published: New York : Penguin Group Publishers , 2005
Subjects:

MARC

LEADER 00000cam a2200000 7i4500
001 0000026213
005 20220105104034.0
008 090429
020 |a 0142410639 
090 0 0 |a SC   |b ENG 
100 1 |a Karas, G. Brian 
245 1 0 |a On earth   |c G. Brian Karas 
260 |a New York :   |b Penguin Group Publishers ,   |c 2005 
500 |a Children age 4-6 years old (yellow) 
650 0 |a Earth   |x juvenile literature 
999 |a 0001040707   |b Book   |c Children Collection   |e Perbadanan Perpustakaan Awam Johor